00000000nam 2200000zi 4500
0019.952606
003CaOODSP
00520250821110510
006m     o  d f      
007cr |n|||||||||
008250623e198902##abcd    obf  f|0| 0 eng d
040 |aCaOODSP|beng|erda|cCaOODSP
043 |an-cn---
0861 |aDR52-2/8-1989E-PDF
1001 |aDickason, A. M.|q(Anne M.)|eauthor.
24510|aConventions for the formatting of DRES publications / |cby A.M. Dickason.
24613|aConventions for the formatting of Defence Research Establishment Suffield publications
264 1|aRalston, Alberta : |bDefence Research Establishment Suffield, |cFebruary 1989.
300 |a1 online resource (i, 12, [2] pages) : |bchart.
336 |atext|btxt|2rdacontent
337 |acomputer|bc|2rdamedia
338 |aonline resource|bcr|2rdacarrier
4901 |aSuffield special publication ; |vNo. 126
500 |aDigitized edition from print [produced by Defence Research and Development Canada].
500 |a"Unclassified."
504 |6Includes bibliographical references (page 9).
520 |a"This guide briefly describes the conventions to follow for formatting Suffield Reports, Suffield Memorandaand Special Publications. The guide states: the items included in each publication; the information that is to appear on the title page; the definition and length of the abstract; the formatting of the text itself; the conventions to follow for references and citations; the placement and numbering of tables and figures; and procedures to follow for submission to open literature. These conventions are intended to standardize publications within DRES"--Abstract, page i.
61020|aDefence Research Establishment Suffield|xPublishing.
650 0|aTechnical writing|vHandbooks, manuals, etc.
650 0|aAuthorship|xStyle manuals.
650 6|aRédaction technique|vGuides, manuels, etc.
650 6|aArt d'écrire|vCodes typographiques.
655 7|aHandbooks and manuals|2lcgft
655 7|aStyle manuals|2lcgft
655 7|aGuides et manuels|2rvmgf
655 7|aCodes typographiques|2rvmgf
7102 |aDefence Research Establishment Suffield, |eissuing body.
830#0|aSuffield special publication ;|vNo. 126.|w(CaOODSP)9.926017
85640|qPDF|s440 KB|uhttps://publications.gc.ca/collections/collection_2025/rddc-drdc/DR52-2-8-1989-eng.pdf